Quizzes
Events
Quiz Creation
Community
Videos
Private Events
Remove Ads
Sign In
Join for FREE
Feedback
Dark Mode
Quiz Categories
Sports
Geography
Music
Movies
Television
Just For Fun
Miscellaneous
History
Literature
Language
Science
Gaming
Entertainment
Religion
Holiday
For Kids
Quiz Lab
Recent
Popular Today
Quiz Kudos Today
Editor Picks
Curator Picks
Quizzes by...
Day
Popularity
Type
Ratings
Length
Year
Community
Subscriptions
Recent Discussions
Orange Saloon
Badges
Playlists
Quests
Create
Leaderboards
Showdown
Live 5
Trivia Bingo
Activity
Puzzle Library
Sporcle Events
Private Events
Virtual Trivia
Globe League
Become a Host
Pub Owners
SporcleCon
Opinionation
Our Games
Videos
Blog
Mobile Apps
Partnerships
Remove Ads and Go Orange
Feedback
History
US Presidents
World Leaders
Politics
Nation
Discovery
War
Decade
Year
Century
Biography
Art
History
US Presidents
World Leaders
Politics
Nation
Discovery
War
Decade
Year
Century
Biography
Art
Random Quiz
Search Sporcle
×
Curator Pick
Curator Pick
History
US Presidents
Type in answers that appear in a list
Type in answers that appear in a list
Classic
Best Score? Go Orange.
Robert Kennedy's Eulogy - Final Words Stats
Can you name the last words of Robert Kennedy's Eulogy - delivered by his brother Edward Kennedy, on June 8, 1968?
By
senordingdong
7m
136 Questions
1,308 Plays
1,308 Plays
1,308 Plays
Comments
Comments
Give Quiz Kudos
Give Quiz Kudos
-
- Ratings
hide this ad
Replay
Link that replays current quiz
Next Quiz
Link to next quiz in quiz playlist
You Got
0%
They Got
Avg Score
50%
Avg Friend Score
Upgrade to see
Score Distribution
Jump to the score distribution portion of the page
Score
0/136
Timer
07:00
0
Plays Today
Words
% Correct
a
92.5%
I
91.3%
the
86.3%
the
86.3%
he
80.6%
he
80.6%
he
80.6%
he
80.6%
he
80.6%
he
80.6%
he
80.6%
and
76.4%
and
76.4%
and
76.4%
and
76.4%
and
76.4%
and
76.4%
and
76.4%
and
76.4%
and
76.4%
to
73.7%
to
73.7%
to
73.7%
to
73.7%
to
73.7%
to
73.7%
to
73.7%
to
73.7%
to
73.7%
was
69.3%
was
69.3%
be
68.9%
be
68.9%
brother
68.8%
in
66.7%
in
66.7%
in
66.7%
is
65.5%
is
65.5%
My
64.9%
not
62.8%
not?
62.8%
for
61%
for
61%
as
60.8%
As
60.8%
Words
% Correct
as
60.8%
it,
57.8%
it,
57.8%
it.
57.8%
of
57.2%
of
57.2%
why.
56.4%
why
56.4%
. . . That
55.3%
That
55.3%
that
55.3%
us.
53.8%
man,
53.8%
us
53.8%
us
53.8%
who
53.5%
who
53.5%
who
53.5%
what
52.7%
what
52.7%
what
52.7%
what
52.7%
him,
50.3%
him
50.3%
him:
50.3%
his
50.2%
will
49.7%
are
48.8%
this
47.7%
they
47.1%
were
46.2%
life;
45.2%
see
42.7%
say
41.1%
say
41.1%
saw
40.2%
saw
40.2%
saw
40.2%
loved
40.2%
death
40.1%
all
39.6%
good
38.2%
some
38%
Some
38%
Those
36.8%
those
36.8%
Words
% Correct
never
36.7%
tried
35.9%
tried
35.9%
tried
35.9%
way
34.8%
world.
34.6%
right
34.1%
said
34%
things
33.4%
things
33.4%
today,
33.1%
day
32.9%
lived.
32.7%
or
32.6%
men
32.4%
remembered
32%
dream
30.3%
rest
29.8%
wrong
29.7%
war
28.6%
stop
27.5%
need
26.7%
take
25.8%
many
25%
many
25%
heal
24.6%
nation,
24%
come
23.9%
times,
23.7%
decent
22.7%
suffering
22.7%
others
20.4%
idealized,
19.7%
touch
19.2%
simply
19.1%
pass
18.9%
pray
18.4%
leaves
18%
enlarged
17.4%
sought
17.4%
touched
17.4%
beyond
17%
wished
16.7%
parts
16.3%
Quiz Playlist
Details
Report
Send in Message
Add To Playlist
Classic:
Type in answers that appear in a list
Last Updated: Aug 24, 2017
Curator Pick in
US Presidents
Quiz Scoreboard
CHALLENGE
Sign Up to Join the Scoreboard
Show All
Scores
Hide
Comments
May contain spoilers
Recently Published
9x9 Crossword: Cartoon Network
by jackfrog10
Miscellaneous
3m
College Basketball Coaching Resumes
by pancakes188
Sports
9m
Billboard Blitz: Fleetwood Mac
by CooCooCachoo
Music
15s
More to Explore
Quiz From the Vault
Featured Blog Post
Where Did the Easter Bunny Come From?
hide this ad
You Might Also Like...
Tags
US Presidents Quiz
Funeral
John F. Kennedy
Kennedy
oration
speech
Today's Top Quizzes in History
Browse History
hide this ad
Today's Top Quizzes in US Presidents
Browse US Presidents
Top Contributed Quizzes in History
1
Popular People in 1991
2
Popular People in 1981
3
Popular People in 1951
4
Popular People in 1941
5
Popular People in 1986
6
Popular People in 1976
7
Popular People in 1921
8
5-to-1: 20th Century Images of War
9
I Am Born On March 28th
10
Popular People in 1946
Explore More
Trending Topics
Harry Potter
Kpop
NBA
Disney
Crossword
Anime
Marvel
NFL
Pokémon
Song
Country
Soccer
Puzzle
The Office
WWE
hide this ad
More By:
senordingdong
Quiz
Plays
Rating
Category
Featured
Created
Most to Fewest NBA Championships Minefield
942,880
4.47
Sports
Sep 4, 2017
Most to Fewest World Series Minefield
329,505
4.11
Sports
Jul 15, 2017
Most to Fewest Super Bowls Minefield
281,647
4.23
Sports
Mar 30, 2017
10 to 1: Breakfast
231,686
4.11
Miscellaneous
Feb 20, 2017
10 to 1: Dinner
221,287
4.40
Miscellaneous
Dec 26, 2017
Go to Creator's Profile
Score Distribution
Quiz Creator Spotlight
senordingdong
Follow
Send a Message
Quizzes Created
-
Created Quiz Play Count
-
More By This Creator
Popular Quizzes Today
1
Find the US States - No Outlines Minefield
2
Find the Countries of Europe - No Outlines Minefield
3
The Countries of the World
4
Find the US States
5
Risky Map Clicking: Biggest States A-Z
6
US States
7
Popular People in 1961
8
Movies - When Are They Set?
More History Quizzes
Middle Ages Chronology
Quiz Lab
Trending Quizzes
Risky Map Clicking: Least Populous States A-Z
1-10 Letter G Words
1-10 Letter F Words
Risky Map Clicking: Next State Alphabetically
Adjectives in 80s TV Shows
Recently Updated
Leaping Animals
pecheneg
Reality TV Shows (A-Z)
bhenderson79
Rickey Henderson's Hall of Fame Teammates
pecheneg
Champions League XIs: Arsenal
pecheneg
Quick Pick: Celebrities in WWE's Hall of Fame
aduchscher
A-Z Keypad Blitz II
pecheneg
Multiple Oscar Actors
pecheneg
Mystery Phrase Blitz: Oscar 'Best Actors'
pecheneg
F. Scott Fitzgerald Novels
LTH
Pick 3 Villains
ddd62291
Trending Topics
NBA
Harry Potter
Anime
Kpop
Disney
Crossword
Marvel
Puzzle
Song
Soccer
Country
The Office
WWE
NFL
Pokémon
Your Account Isn't Verified!
In order to create a playlist on Sporcle, you need to verify the email address you used during registration. Go to your
Sporcle Settings
to finish the process.
Report this User
Report this user for behavior that violates our
Community Guidelines
.
Details:
Send Report
Go to the Sporcle.com Mobile Site →
Comments